Statistieken voor Snel typen van A naar Z

Klik hier om de quiz te nemen!

Algemene statistieken

  • Deze quiz is 6.122 keer genomen
  • De gemiddelde score is 23 van 26

Antwoordstatistieken

Letter% Correct
A
99%
E
98%
B
97%
D
96%
C
95%
F
94%
I
93%
J
93%
H
93%
G
93%
K
91%
L
91%
O
90%
M
89%
P
89%
Q
89%
R
89%
T
87%
N
87%
S
87%
U
85%
W
84%
V
81%
X
78%
Y
77%
Z
77%

Scoreverdeling

Percentiel versus Aantal Correcte Antwoorden

Procent van Mensen met Elke Score

Uw Scoregeschiedenis

U heeft deze quiz nog niet genomen